000 01409nam a2200301 c 4500
003 BLK
005 20180420235415.0
008 180411b bul|||||r ||||||| ||bul||
010 _aKNG00180428000
040 _aBLK
041 _aBUL
_cBUL
080 _aРазвиване на мисълта. Подвижни упражнения - Упражняване на вниманието и способността за различаване, наблюдаване на природата, гимнастика, ритмични упражнения, ръчна работа и др.
_b372.36
_x
_z372.36
100 1 _aПопов, Георги Григоров
_eпърви автор
_9326326
139 _aПопов, Георги Григоров
_bП 76
245 1 0 _aЗабавни игри
_bРъководство
_cГеорги Григоров Попов.
257 _aBGR
260 София
_bМедицина и физкултура
_c1986
_fПловдив : Д. Благоев
300 _a84 с.
_bс ил.
_c20 см
380 _a3
650 4 _aПодвижни игри - наръчници и ръководства
_9305895
653 _aспортни игри
653 _aръководства
852 _aЦб 130588
856 4 _qpdf
_u
856 4 _qpdf
_u
942 _cKNG
_n0
944 _aCR
_c26.08.2015
_kХристина_Везирева
944 _aED
_c26.08.2015
_kХристина_Везирева
999 _c172121
_d172121